| 000 | 00757nam a2200217 a 4500 | ||
|---|---|---|---|
| 001 | BRCA_7110 | ||
| 005 | 20190320205722.0 | ||
| 008 | 281211s1909----gw-#######---#000-0#ger-# | ||
| 041 | _ager | ||
| 044 |
_agw _p.W65 1909 |
||
| 100 | 1 |
_aWolzogen, Ernst von _d1855-1934 _917679 |
|
| 245 | 1 | 0 |
_aDer Bibelhase _beine Begebenheit aus der Fridericianischen Zeit _cvon Ernst von Wolzogen. |
| 260 |
_aStuttgart, Alemania _bJ. Engelhorn _c1909 |
||
| 300 |
_a160 p. _c19 cm. |
||
| 440 | 0 |
_aEngelhorns Allgemeine Romanbibliothek. Eine Auswahl der besten modern Romane aller Völker. 25. Jahrgang. _v15 _917680 |
|
| 500 | _aEstado fisíco: la cubierta posterior se esta desprendiendo | ||
| 500 | _aO126 | ||
| 650 | 1 | 4 |
_aFicción _916263 |
| 902 | _aGFM | ||
| 942 |
_2lcc _cB |
||
| 999 |
_c6791 _d6791 |
||